Curso de temas franceses : (Record no. 9627)

000 -CABECERA
fixed length control field 00720nam a22002297a 4500
003 - IDENTIFICADOR DEL NÚMERO DE CONTROL
control field AR-CdUCM
008 - DATOS DE LONGITUD FIJA--INFORMACIÓN GENERAL
fixed length control field 190328b ||||| |||| 00| 0 spa d
040 ## - FUENTE DE LA CATALOGACIÓN
Agencia/entidad que catalogó originalmente la obra MUNICIPALIDAD PROVINCIAL DEL CUSCO
Entidad que transcribió la catalogación BIBLIOTECA MUNICIPAL DEL CUSCO
082 ## - NÚMERO DE LA CLASIFICACIÓN DECIMAL DEWEY
No. de la edición 3ed.
No. de Clasificación 443 /
Notacion interna B45 / 1849
100 ## - ENTRADA PRINCIPAL--NOMBRE DE PERSONA
Nombre Personal Berbreugger, D. A.
245 ## - MENCIÓN DE TÍTULO
Título Curso de temas franceses :
Resto del título ó gramática práctica /
260 ## - PUBLICACIÓN, DISTRIBUCIÓN, ETC.
Lugar de publicación, distribución, etc. Paris :
Nombre de la editorial, distribuidor, etc. Librería Castellana,
Fecha de publicación, distribución, etc. 1849.
300 ## - DESCRIPCIÓN FÍSICA
Nº de Páginas Extensión 72 páginas ;
Dimensiones 21 cm.
505 ## - NOTA DE CONTENIDO CON FORMATO
Nota de contenido formateada Contenido: Gramática.
650 ## - PUNTO DE ACCESO ADICIONAL DE MATERIA--TÉRMINO DE MATERIA
Descriptor Pronombres personales
9 (RLIN) 25955
650 ## - PUNTO DE ACCESO ADICIONAL DE MATERIA--TÉRMINO DE MATERIA
Descriptor Resumen
9 (RLIN) 25956
650 ## - PUNTO DE ACCESO ADICIONAL DE MATERIA--TÉRMINO DE MATERIA
Descriptor Ejercicio general
9 (RLIN) 25957
650 ## - PUNTO DE ACCESO ADICIONAL DE MATERIA--TÉRMINO DE MATERIA
Descriptor Versos auxiliares
9 (RLIN) 25958
942 ## - ELEMENTOS DE PUNTO DE ACCESO ADICIONAL (KOHA)
Fuente de clasificación
Tipo de item Libros-BMC
945 ## - PROCESAMIENTO DE INFORMACIÓN LOCAL (OCLC)
Catalogador achl
Holdings
Estado de retiro (separado) Fuente de clasificación o esquema de estanterías Estado dañado Ubicación Sala donde se ubica Nombre de la colección Fecha de adquisición o compra Costo, precio normal en soles Signatura topográfica Código de Barras Última vez visto (Koha) Tipo de ítem (Koha)
No     Sala Cusco Antiguo Sala Cusco Antiguo Book Cart 2019-03-28 100.00 443 / B45 / 1849 SCA0000217 2019-03-28 Libros-BMC

Powered by Koha